000 00244nam a2200097Ia 4500
008 170619s9999 xx 000 0 und d
100 _aMohan
245 0 _aPower Electronics Converters- Applications and Design
260 _bWiley-India
260 _c2011
546 _aENGLISH
999 _c20467
_d20467